Estadísticas para Geografía Europea #2

Haz click aquí para intentar la prueba.

Estadísticas generales

  • Esta prueba ha sido intentada 1.065 veces
  • La puntuación promedio es 13 de 20

Estadísticas de respuestas

PreguntaRespuesta% Correcto
Aparte del Vaticano, ¿qué país está totalmente rodeado por Italia?San Marino
96%
¿Cuáles son las dos grandes ciudades europeas que empiezan por las letras Bel?Belgrado
84%
¿Qué territorio británico limita con España?Gibraltar
84%
¿Qué país se encuentra en la frontera norte de Bulgaria?Rumania
84%
¿Qué capital europea es también un nombre de pila femenino común?Sofia
83%
¿Cuál es la ciudad más poblada de Europa que empieza por la letra M?Moscú
82%
¿Cuál es la mayor ciudad que tiene territorio tanto en Europa como en Asia?Estambul
74%
¿Qué mar contiene los golfos de Finlandia y Botnia?Mar Báltico
74%
¿En qué isla se encuentra la ciudad de Palma?Mallorca
73%
¿Qué país forma parte de la UE pero está geográficamente
más cerca de Asia y África que de Europa?
Chipre
66%
¿Qué isla se encuentra al norte de Cerdeña?Córcega
65%
¿Cuál es la gran ciudad más cercana a la atracción turística de Pompeya?Nápoles
61%
¿Qué capital se encuentra a sólo 55 km al oeste de Bratislava?Viena
61%
La "orilla izquierda" de este río se encuentra el distrito de Saint-Germain-des-PrésSena
60%
¿En qué mar desemboca el río Volga?Mar Caspio
56%
¿Qué Golfo se encuentra entre Francia y España?Golfo de {Vizcaya}
52%
¿Cuál es la montaña más alta de Grecia?Monte Olimpo
50%
¿Cuáles son las dos grandes ciudades europeas que empiezan por las letras Bel?Belfast
49%
¿Qué ciudad holandesa alberga el puerto más activo de Europa?Róterdam
49%
Es la segunda ciudad más grande de Irlanda del Norte. Algunos la llaman Derry.
¿Cómo la llaman otros?
Londonderry
28%

Distribución de puntuación

Porcentaje por número respondido

Porcentaje de gente con cada puntuación

Historial de tus puntuaciones

No has intentado esta prueba.